| 000 | 00433pab a2200157 454500 | ||
|---|---|---|---|
| 008 | 180718b1990 xxu||||| |||| 00| 0 eng d | ||
| 100 | _aEyraud, Francois | ||
| 245 | _aOccuptional and internal labour markets in Braitain and France | ||
| 260 | _c1990 | ||
| 300 | _a501-17 | ||
| 650 | _aLabour Relations | ||
| 700 | _aJean - Jacques Silvestre | ||
| 700 | _aDavid Marsden | ||
| 773 | _aInternational Labour Review | ||
| 909 | _a12267 | ||
| 999 |
_c12267 _d12267 |
||